| 000 | 00712nam a2200205Ia 4500 | ||
|---|---|---|---|
| 005 | 20260121110246.0 | ||
| 008 | 008 260114s9999 xx 000 0 hin d | ||
| 020 | _a9788132302353 | ||
| 037 | _aEBOOK | ||
| 040 |
_aCRL _bhin _cCRL |
||
| 041 |
_ahin _2hin |
||
| 084 | _qCRL | ||
| 100 |
_aप्रदीप दूबे / Pradeep Dubey _9943990 |
||
| 245 | 0 | _aभारतीय महिलाओं के संवैधानिक अधिकार / Bhartiya Mahilaon Ke Samvidhanik Adhikar | |
| 260 |
_bभाषा प्रकाशन / Bhasha Prakashan _c2020 |
||
| 856 | _uhttps://bhashaprakashan.com/product-details/377919 | ||
| 942 | _cEBOOK | ||
| 999 |
_c1535655 _d1535655 |
||